| 000 | 01129cam a2200313 i 4500 | ||
|---|---|---|---|
| 001 | 18163 | ||
| 003 | BD-RjUL | ||
| 005 | 20211209000239.0 | ||
| 008 | 140219s1974 nyua b 000 0 eng | ||
| 020 | _a0852642253 | ||
| 020 | _a0852642261 | ||
| 035 | _a(BD-RjUL)18221 | ||
| 040 |
_aDLC _cDLC _dDLC _dBD-RjUL _beng |
||
| 041 | _aeng | ||
| 082 | 0 | 0 |
_a330.0151 _bSPE 1974 |
| 100 | 1 |
_aSpencer, John E. _q(John Ervine) _97720 |
|
| 245 | 0 | 0 |
_aExercises in mathematical economics and econometrics, with outlines of theory / _cJ. E. Spencer, R. C. Geary. |
| 260 |
_aLondon : _bCharles Griffin, _cc1974. |
||
| 300 |
_aviii, 320 p. : _bill. ; _c25 cm. |
||
| 490 | 0 | _aGriffin's exercises in statistics and related subjects | |
| 504 | _aIncludes bibliographical references & Index. | ||
| 650 | 0 |
_aEconomics, Mathematical _xProblems, exercises, etc. _97721 |
|
| 650 | 0 |
_aEconometrics _xProblems, exercises, etc. _97722 |
|
| 700 | 1 |
_aGeary, Robert Charles, _d1896- _ejoint author. _955931 |
|
| 740 | _aExercises in mathematical economics and econometrics ... | ||
| 942 |
_2ddc _cBK |
||
| 999 |
_c18163 _d18163 |
||